LEADER 00444nab a2200133 i 4500 001 000000328733 003 CaOOAMICUS 005 20180831173606.0 008 180831n it uu u0 0ita r 013 $a40357 040 $aSeMil$bita 245 10$aCalendario associativo. - In [rubrica] :$bAssociazione. 773 0 $t[DICEMBRE 1996]. - 32 p.$gp.21$w()290981 996 $6245$aCalendario associativo. - In [rubrica] :$bAssociazione.$9(OLS)http://semarc/title/398931 LEADER 00934nam a2200241 i 4500 001 000000116346 003 CaOOAMICUS 005 20030617000000.0 008 030617s2001 le u000 u fre u 013 $a89035 040 $aSeMil$bita 100 1 $aAram <1.>.$0(OLS)http://semarc/name/48370 245 12$aL'Église face aux grands défis /$cAram I. 260 $aAntélias (Liban) :$bCatholicossat Arménien de Cilicie,$c2001. 300 $a290 p. ;$c22 cm. 500 $aFondo Card. C.M. Martini. 650 4$aDialogo ecumenico.$0(OLS)http://semarc/subject/8846 850 $aSeMil 852 $aSeMil$W1$xVenegono$y1$m2K III 130$j71815$B71815$CSeMilBibl$Z2$F90091 $81 941 1 $a4 961 $aOmaggio: Martini Card. Carlo Maria 996 $6245$aL'Église face aux grands défis$9(OLS)http://semarc/title/170634 996 $6260$aAntélias (Liban) :$bCatholicossat Arménien de Cilicie$9(OLS)http://semarc/publisher/45554